NBA Playoffs Starters 2022–2023 - Statistics

General Stats
  • This quiz has been taken 505 times
    468 since last reset
  • The average score is 66 of 80
Answer Stats
Team Pos Player % Correct
76ers C Joel Embiid
99%
Bucks PF Giannis Antetokounmpo
97%
Lakers PF LeBron James
97%
Warriors PG Stephen Curry
97%
Lakers C Anthony Davis
96%
76ers SG James Harden
96%
Grizzlies PG Ja Morant
96%
Celtics SF Jayson Tatum
96%
Heat SF Jimmy Butler
96%
Nuggets C Nikola Jokić
96%
Hawks PG Trae Young
96%
Cavaliers SG Donovan Mitchell
95%
Warriors PF Draymond Green
95%
Nuggets PG Jamal Murray
95%
Celtics SG Jaylen Brown
95%
Bucks PG Jrue Holiday
95%
Warriors SG Klay Thompson
95%
Heat C Bam Adebayo
94%
Bucks C Brook Lopez
94%
Hawks PG Dejounte Murray
94%
Suns SG Devin Booker
94%
Timberwolves C Karl-Anthony Towns
94%
Kings SF Keegan Murray
94%
76ers PG Tyrese Maxey
94%
Timberwolves SG Anthony Edwards
93%
Kings PG De'Aaron Fox
93%
Kings C Domantas Sabonis
93%
Grizzlies PF Jaren Jackson Jr.
93%
Clippers SF Kawhi Leonard
93%
Suns PF Kevin Durant
93%
Bucks SF Khris Middleton
93%
Suns PG Chris Paul
92%
Knicks PG Jalen Brunson
92%
Celtics C Al Horford
91%
Cavaliers PG Darius Garland
91%
Cavaliers C Jarrett Allen
91%
Bucks SG Grayson Allen
90%
Knicks PF Julius Randle
90%
Timberwolves C Rudy Gobert
90%
Warriors SF Andrew Wiggins
89%
Lakers PG D'Angelo Russell
88%
Nuggets PF Aaron Gordon
87%
Lakers SG Austin Reaves
87%
Hawks C Clint Capela
87%
Celtics SG Derrick White
87%
Grizzlies SG Desmond Bane
87%
Clippers SF Eric Gordon
87%
Cavaliers PF Evan Mobley
87%
Nuggets SF Michael Porter Jr.
87%
Nets SF Mikal Bridges
87%
Celtics PG Marcus Smart
86%
Suns C Deandre Ayton
85%
Warriors C Kevon Looney
83%
Clippers PG Russell Westbrook
83%
76ers PF Tobias Harris
83%
Clippers C Ivica Zubac
82%
Knicks C Mitchell Robinson
82%
Timberwolves PG Mike Conley
80%
Nuggets SG Kentavious Caldwell-Pope
79%
Grizzlies SF Dillon Brooks
76%
Nets C Nic Claxton
75%
76ers PF P.J. Tucker
73%
Nets PF Cameron Johnson
72%
Hawks PF John Collins
71%
Heat SF Max Strus
69%
Knicks SF R.J. Barrett
69%
Knicks SF Josh Hart
66%
Kings SG Kevin Huerter
65%
Kings SF Harrison Barnes
64%
Heat PF Kevin Love
64%
Hawks SF De'Andre Hunter
61%
Heat PG Gabe Vincent
61%
Nets PG Spencer Dinwiddie
60%
Cavaliers SG Caris LeVert
57%
Lakers PF Jarred Vanderbilt
57%
Nets PF Dorian Finney-Smith
50%
Clippers PF Marcus Morris Sr.
46%
Grizzlies C Xavier Tillman
42%
Timberwolves SF Nickeil Alexander-Walker
36%
Suns SF Torrey Craig
31%
No matching quizzes found
Score Distribution
Percent of People with Each Score
Percentile by Number Answered
Your Score History
You have not taken this quiz since the last reset